| 000 | 00403nam a22001097a 4500 | ||
|---|---|---|---|
| 005 | 20241009132900.0 | ||
| 008 | 241009b |||||||| |||| 00| 0 eng d | ||
| 245 |
_aPreschool on the prairie : _bnew initiative focuses on nourishing children through nature / |
||
| 260 |
_aWashington; _bTaylor & Francis Group, _cJanuary-February 2020. |
||
| 300 |
_aVolume 96, pages 12, _billustration. |
||
| 942 |
_2ddc _cPER |
||
| 999 |
_c22372 _d22372 |
||